00326nam a2200121Ia 4500008004100000041000800041082001400049100001700063245004100080250001400121260003600135300003300171240624s9999 xx 000 0 und d aeng a658.5 URB aURBAN GLEN L aDESIGN AND MARKETING OF NEW PRODUCTS a(2nd ed.) c1993aNew JerseybPrentice Hall axxvii, : 701 : p. : cm. ; 20